01268nam a22001817a 4500003001000000005001700010008004100027020001800068040001400086100002300100245005900123260003000182300001200212500010600224520072800330650001001058654001801068IT-MiCISF20260205144248.0260205b |||||||| |||| 00| 0 eng d a9788831556873 cIT-MiCISF aFiorillo Francesco aFunamboli.bGenitori che camminano sul filo dell'oltre aMilano, bPaoline, c2024 app. 199 amorte, giovani, famiglia, genitorialità, atteggiamenti-verso-morte, padre, madre, lutto, esperienze aQuesto libro è un percorso, un prendere per mano chi abita il dolore della perdita di un figlio o di una figlia, un provare a camminare spalla a spalla con i genitori sopravvissuti alla morte, in bilico sul filo della sofferenza più grande. L’Autore affronta le domande impossibili di chi attraversa questo lutto: come si può vivere il dolore? Perché a mio figlio e non a me? Dove era Dio? Come portare avanti la vita? Interrogativi che restano senza risposte. Ma con grande umanità si può accompagnare chi queste domande le sperimenta, perché esse aprono processi, spingono ad andare oltre le solite e banali parole sulla morte, spalancano nuovi orizzonti verso l’Infinito che rende digeribile il finito. aMorte atestimonianza